Znie pieseň

Bibliographic Details
Main Author: Truhlářová, Agneša (Author)
Format: Article
Language:Slovak
PhysicalDescription:Obr.
Subjects:

MARC

LEADER 00000nab a2200000 a 4500
001 vtls009289913
003 SK-MaSNL
005 20260304201445.0
008 080428 1976 xo d 000 0 slo
015 |a SNBRB1976 
040 |a SNKBUCL  |b slo  |c SNKBUCL  |e AACR2 
041 0 |a slo 
044 |a xo  |c SK 
080 |a 78.079:784.66:32  |2 2001 
080 |a 784.66:32  |2 2001 
100 1 |a Truhlářová, Agneša  |4 aut  |9 921155 
245 1 0 |a Znie pieseň  |c Agneša Truhlářová 
300 |b Obr. 
611 2 7 |a Festival politickej piesne  |d (1976 :  |c Martin, Slovensko)  |2 snkbucl  |9 1532511 
650 0 7 |a politické piesne  |2 snkbucl  |9 63750 
650 0 7 |a populárna hudba  |2 snkbucl  |9 3428 
773 0 |t Slovenka  |g Roč. 28, č. 8 (1976), s. 12 
999 |c 3095101  |d 3097031